| 000 | 00366nam a2200145Ia 4500 | ||
|---|---|---|---|
| 008 | 230917s9999||||xx |||||||||||||| ||und|| | ||
| 040 |
_e116951 _aMAIN |
||
| 041 | _aEnglish | ||
| 082 | _a005.133c++ P194M | ||
| 100 | _aPanikar, Shibi | ||
| 245 | 0 | _aMagic of c++ with net framwork | |
| 260 |
_aNew Delhi _bFire well Media _c2007 |
||
| 300 | _a909p p. | ||
| 942 | _cBK | ||
| 999 |
_c146076 _d146076 |
||